|
|
|
|
| LEADER |
00000caa a22000002c 4500 |
| 001 |
1641958782 |
| 003 |
DE-627 |
| 005 |
20220616113150.0 |
| 007 |
tu |
| 008 |
160405s1998 xx ||||| 00| ||eng c |
| 035 |
|
|
|a (DE-627)1641958782
|
| 035 |
|
|
|a (DE-576)465356168
|
| 035 |
|
|
|a (DE-599)BSZ465356168
|
| 040 |
|
|
|a DE-627
|b ger
|c DE-627
|e rakwb
|
| 041 |
|
|
|a eng
|
| 084 |
|
|
|a 1
|2 ssgn
|
| 100 |
1 |
|
|0 (DE-588)129668532
|0 (DE-627)477111521
|0 (DE-576)297776800
|4 aut
|a Ganzevoort, Reinder Ruard
|d 1965-
|
| 109 |
|
|
|a Ganzevoort, Reinder Ruard 1965-
|a Ganzevoort, R. Ruard 1965-
|a Ganzevoort, R. R. 1965-
|a Ganzevoort, R.R. 1965-
|a Ganzevoort, Ruard 1965-
|
| 245 |
1 |
0 |
|a Religious coping reconsidered
|b part one: an integrated approach
|
| 264 |
|
1 |
|c 1998
|
| 336 |
|
|
|a Text
|b txt
|2 rdacontent
|
| 337 |
|
|
|a ohne Hilfsmittel zu benutzen
|b n
|2 rdamedia
|
| 338 |
|
|
|a Band
|b nc
|2 rdacarrier
|
| 652 |
|
|
|a AE
|
| 689 |
0 |
0 |
|d s
|0 (DE-588)4195461-0
|0 (DE-627)104469560
|0 (DE-576)21010127X
|2 gnd
|a Bewältigung
|
| 689 |
0 |
1 |
|d s
|0 (DE-588)4049428-7
|0 (DE-627)10618704X
|0 (DE-576)209082011
|2 gnd
|a Religiosität
|
| 689 |
0 |
|
|5 (DE-627)
|
| 773 |
0 |
8 |
|i In
|t Journal of psychology and theology
|d London : SAGE Publications, 1973
|g 26(1998), 3, Seite 260-275
|w (DE-627)166756334
|w (DE-600)301930-5
|w (DE-576)015193306
|x 0091-6471
|7 nnas
|
| 773 |
1 |
8 |
|g volume:26
|g year:1998
|g number:3
|g pages:260-275
|
| 776 |
|
|
|i Erscheint auch als
|n elektronische Ausgabe
|w (DE-627)1809021561
|k Electronic
|
| 935 |
|
|
|a mteo
|
| 951 |
|
|
|a AR
|
| ELC |
|
|
|b 1
|
| ITA |
|
|
|a 1
|t 1
|
| LOK |
|
|
|0 000 xxxxxcx a22 zn 4500
|
| LOK |
|
|
|0 001 3305455519
|
| LOK |
|
|
|0 003 DE-627
|
| LOK |
|
|
|0 004 1641958782
|
| LOK |
|
|
|0 005 20160405125805
|
| LOK |
|
|
|0 008 160404||||||||||||||||ger|||||||
|
| LOK |
|
|
|0 040
|a DE-Tue135
|c DE-627
|d DE-Tue135
|
| LOK |
|
|
|0 092
|o n
|
| LOK |
|
|
|0 852
|a DE-Tue135
|
| LOK |
|
|
|0 852 1
|9 00
|
| LOK |
|
|
|0 935
|a ixzs
|a ixmi
|
| LOK |
|
|
|0 936ln
|0 1442043024
|a AE
|
| LOK |
|
|
|0 939
|a 04-04-16
|b l01
|
| ORI |
|
|
|a SA-MARC-ixtheoa001.raw
|
| REL |
|
|
|a 1
|
| STA |
0 |
0 |
|a Coping,Religiosity
|
| STB |
0 |
0 |
|a Maitrise,Dépassement (psychologie),Dépassement,Religiosité
|
| STC |
0 |
0 |
|a Religiosidad,Superación
|
| STD |
0 |
0 |
|a Elaborazione,Coping,Superamento,Coping,Superamento,Religiosità
|
| STE |
0 |
0 |
|a 宗教性,应对,克服
|
| STF |
0 |
0 |
|a 宗教性,應對,克服
|
| STG |
0 |
0 |
|a Religiosidade,Superação
|
| STH |
0 |
0 |
|a Преодоление (психология),Религиозность
|
| STI |
0 |
0 |
|a Αντιμετώπιση,Θρησκευτικότητα
|
| SUB |
|
|
|a REL
|
| SYG |
0 |
0 |
|a Bewältigungsstrategie,Coping,Problembewältigung,Psychische Bewältigung,Bewältigungsverhalten , Religiösität,Religiösität
|